ბათუმის შოთა რუსთაველის სახელმწიფო უნივერსიტეტის ბიბლიოთეკა

Высшая геометрия (ბიბ.ჩანაწერი № 48000)

000 -LEADER
fixed length control field 00525nam a2200205Ia 4500
001 - CONTROL NUMBER
control field 14880
003 - CONTROL NUMBER IDENTIFIER
control field GE_BSU
008 - FIXED-LENGTH DATA ELEMENTS--GENERAL INFORMATION
fixed length control field 181216s||||||||xx |||||||||||||| ||und||
040 ## - CATALOGING SOURCE
Transcribing agency GE_BSU
080 ## - UNIVERSAL DECIMAL CLASSIFICATION NUMBER
Universal Decimal Classification number 514.14(075.8)
100 ## - MAIN ENTRY--PERSONAL NAME
Personal name Бакельман,И.Я
245 ## - TITLE STATEMENT
Title Высшая геометрия
245 ## - TITLE STATEMENT
Statement of responsibility, etc. Ред.В.В.Гольдберг
260 ## - PUBLICATION, DISTRIBUTION, ETC.
Place of publication, distribution, etc. Москва
260 ## - PUBLICATION, DISTRIBUTION, ETC.
Name of publisher, distributor, etc. Просвещение
260 ## - PUBLICATION, DISTRIBUTION, ETC.
Date of publication, distribution, etc. 1967
300 ## - PHYSICAL DESCRIPTION
Extent 366стр.22см.
653 ## - INDEX TERM--UNCONTROLLED
Uncontrolled term Высшая геометрия
942 ## - ADDED ENTRY ELEMENTS (KOHA)
Koha item type წიგნი
ეგზემპლარები
Withdrawn status Lost status Damaged status Not for loan Date acquired Barcode Date last seen Price effective from Koha item type
        2018-12-17 17833 2018-12-17 2018-12-17 წიგნი